Geoguessr : Connaissez-vous vos métas ? #5 - Statistiques

Statistiques générales
  • Ce quiz a été pris 70 fois
  • Le résultat moyen est 5 sur 15
Statistiques - réponses
Par images Réponse % Correct
Monaco
83%
Qatar
61%
Turquie
37%
Bali
35%
Belgique
35%
Russie
31%
Californie
30%
Puerto Rico
30%
Malte
28%
Suisse
28%
Uruguay
26%
Saint Marin
24%
île de Man
22%
Lettonie
22%
Écosse
11%
Aucun quiz correspondant
Distribution des résultats
% des personnes avec chaque résultat
Percentile par nombre de réponses
Votre historique - résultats
Vous n’avez pas pris ce quiz